000 00427nam a2200193Ia 4500
999 _c44611
_d44611
003 0100
005 20170407120602.0
008 130303s9999 xx 000 0 und d
040 _cARRUPELIB
050 _aBS1505.2.H41962
100 _aHeschel, Abraham Joshua
_929719
245 4 _aThe prophets
250 _a1st
260 _aNew York
260 _bHarper Row
300 _a518 p.
650 _aBible O.T.
_xProphets
_929720
700 _aAbraham Joshua Heschel
_929721
942 0 0 _06
_2lcc
_cMONOGRAPH